| 000 | 00529cam a2200205ua 4500 | ||
|---|---|---|---|
| 001 | 1532 | ||
| 005 | 20260515113340.0 | ||
| 008 | 110711n xxk |||gr||||Z||||||eng | ||
| 040 | _cMAIN | ||
| 082 | _a330.01 | ||
| 100 | 1 |
_aRichards, R. D., _eAuthor. |
|
| 245 | 1 |
_aGroundwork of economics _cby R. D. Richards |
|
| 250 | _a8th. | ||
| 260 |
_aLondon: _buniversity tutorial press ltd.,958. |
||
| 300 | _a339p:9cm. | ||
| 653 | _aEconomics | ||
| 653 | _aGroundwork of economics | ||
| 700 |
_aJordan, Percy, _eAuthor. |
||
| 942 | _cBK | ||
| 999 |
_c1421 _d1421 |
||